000 00552nam a2200181Ia 4500
005 20250508151335.0
008 008 250505s9999 xx 000 0 eng d
037 _aTextual
040 _aFEDL
_beng
_cFEDL
041 _aeng
_2eng
084 _a327, MAN
_qFEDL
100 _aManning C.A.W.
_992802
245 0 _aUniversity teaching of social sciences : International relations
245 0 _cUnited Nations Educational, Scientific and Cultural Organization
300 _a100p.
942 _cTEXL
_h327, MAN
999 _c1329163
_d1329163